Pedro Simple (Record no. 158841)

MARC details
000 -LEADER
campo de control de longitud fija 00735nam a22001935i 4500
001 - NÚMERO DE CONTROL
campo de control 158841
003 - IDENTIFICADOR DE NÚMERO DE CONTROL
campo de control ES-MaACL
005 - FECHA Y HORA DE LA ÚLTIMA TRANSACCIÓN
campo de control 20230906211336.0
008 - DATOS DE LONGITUD FIJA--INFORMACIÓN GENERAL
campo de control de longitud fija 040913s1852 sp a |||| | spa d
040 ## - FUENTE DE CATALOGACIÓN
Centro catalogador/agencia de origen CAM
Lengua de catalogación spa
Centro/agencia transcriptor CAM
100 1# - ENTRADA PRINCIPAL--NOMBRE DE PERSONA
Nombre de persona Marryat, Frederick.
9 (RLIN) 188175
245 10 - MENCIÓN DEL TÍTULO
Título Pedro Simple
Resto del título : novela /
Mención de responsabilidad, etc. por el capitan Marryat.
260 ## - PUBLICACIÓN, DISTRIBUCIÓN, ETC.
Lugar de publicación, distribución, etc. Madrid :
Nombre del editor, distribuidor, etc. [s.n.],
Fecha de publicación, distribución, etc. 1852 (
Fabricante Establecimiento tipográfico de F. de P. Mellado)
300 ## - DESCRIPCIÓN FÍSICA
Extensión 88 p. :
Otras características físicas il. ;
Dimensiones 26 cm.
490 1# - MENCIÓN DE SERIE
Mención de serie Biblioteca española / por Mellado
830 0# - PUNTO DE ACCESO ADICIONAL DE SERIE-TÍTULO UNIFORME
Título uniforme Biblioteca española / por Mellado
9 (RLIN) 188178
852 ## - LOCALIZACIÓN
Ubicación ES-MaACL
Número de control de estantería C-1880(5)
Nota libre -- Enc. hol.
-- -- Legado M. de la Fuente
condición física -- Falto de la cub. original
Nota libre -- Enc. en un vol. facticio
Holdings
Estatus retirado Estado de pérdida Estado de daño No para préstamo Colección Biblioteca de origen Biblioteca actual Ubicación en estantería Fecha de adquisición Fuente de adquisición Total de préstamos Signatura topográfica completa Código de barras Visto por última vez Precio de reemplazo Tipo de ítem Koha
        Libros del s. XIX Biblioteca del Ateneo de Madrid Biblioteca del Ateneo de Madrid Galería 17/01/2008     C-1880(5) 1166255 23/02/2023 23/02/2023 Libro impreso antiguo